Directors by Actors #2 - Statistics

General Stats
  • This quiz has been taken 24 times
  • The average score is 5 of 15
Answer Stats
Actors Directors % Correct
Johnny Depp, Helena Bonham Carter,Jenna Ortega, Michael Keaton Tim Burton
95%
Jesse Eisenberg, Brad Pitt, Edward Norton, Morgan Freeman David Fincher
67%
Zoe Saldana, Kate Winslet, Sigourney Weaver, Arnold Schwarzenegger James Cameron
62%
Matt Damon, Adam Driver, Joaquin Phoenix, Russell Crowe Ridley Scott
62%
James Franco, Tobey Maguire,Michelle Williams, Bruce Campbell Sam Raimi
62%
George Clooney, Scarlett Johansson, John Goodman, Jeff Bridges Ethan Coen/ Joel Coen
48%
Natalie Portman, Ron Howard, Harrison Ford, Robert Duvall George Lucas
48%
Ben Affleck, Rosario Dawson,Elizabeth Banks, Matt Damon Kevin Smith
38%
Chris Evans, Ryan Gosling, Tom Holland, Chris Hemsworth Joe Russo/ Anthony Russo
10%
Adam Sandler, Ben Stiller,Jack Black, Adam Driver Noah Baumbach
10%
Harrison Ford, Jim Carrey,Ed Harris, Russell Crowe Peter Weir
10%
Ben Stiller, Ryan Reynolds, Hugh Jackman, Jennifer Garner Shawn Levy
10%
Gal Gadot, Dwayne Johnson, Vince Vaughn, Jennifer Aniston Rawson Marshall Thurber
5%
Zooey Deschanel, Martin Freeman, Scarlett Johansson, Taron Edgerton Garth Jennings
0%
Christian Bale, Sarah Michelle Gellar,Zac Efron, Sofia Carson Kenny Ortega
0%
No matching quizzes found
Score Distribution
Percent of People with Each Score
Percentile by Number Answered
Your Score History
You have not taken this quiz